00728nam a2200205Ia 4500003000900000008004100009020003000050020003100080040001600111100002700127245005800154260005700212300002000269650005400289650002000343650002200363650005200385650001200437856007300449IN-BaIIA211028s9999 xx s 000 0 eng d a978-3-642-27560-9 (Print) a978-3-642-27561-6 (Online) cIIA Library aKhalatnikov, Isaak M.  0aFrom the Atomic Bomb to the Landau Instituteh[eBook] aHeidelberg, BerlinbSpringer Berlin Heidelbergc2012 aOnline resource a History and Philosophical Foundations of Physics a Nuclear Fusion a Physics, general a Strongly Correlated Systems, Superconductivity aPhysics uhttp://doi.org/10.1007/978-3-642-27561-6yClick Here to Access eBook